Draussen in der Natur : Handbuch für junge Naturforscher /

محفوظ في:

المؤلف الرئيسي: Hillcourt, William.

مؤلفون آخرون: Moisl, Franz.

التنسيق: كتاب

اللغة: German

منشور في: Ravensburg : Maier, 1978.

الموضوعات:

الوسوم: إضافة وسم

لا توجد وسوم, كن أول من يضع وسما على هذه التسجيلة!

رقم الطلب: QH48 .H4813

LEADER 00619nam a22002177a 4500
003 OSt
005 20251117085240.0
008 251117t1978 gw a 000 0 ger
020 |a 3473355690 
040 |c ARCE Library 
050 1 4 |a QH48  |b .H4813 
100 1 |a Hillcourt, William. 
245 1 0 |a Draussen in der Natur :   |b Handbuch für junge Naturforscher /   |c William Hillcourt. 
264 1 |a Ravensburg :   |b Maier,   |c 1978. 
300 |a 62 p. :   |b ill. ;   |c 27 cm. 
500 |a Natur. 
650 0 |a Nature study -- Juvenile literature. 
700 1 |a Moisl, Franz. 
901 |a reviewed 
942 |2 lcc  |c BK 
999 |c 47416  |d 47416